000 00339nam a2200145Ia 4500
008 230711s9999||||xx |||||||||||||| ||und||
041 _aENG
082 _a540
_bCO-I
100 _aCotton F.A
245 0 _aBasic inorganic Chemistry
250 _a2nd
260 _c1989
_aNew Delhi
_bWiley Eastern Limited
650 _aChemistry
942 _cBK
999 _c228
_d228